00000000cam 2200000zi 4500
0019.956394
003CaOODSP
00520251212164008
006m     o  d f      
007cr |n|||||||||
008251016e202511  oncbd   ob   f000 0 fre d
020 |a9780660793726
040 |aCaOODSP|bfre|erda|cCaOODSP
043 |an-cn---
0861 |aFs70-5/2025-072F-PDF
1001 |aGoulet, P. J., |eauteur.
24510|aProduction de petits chez le phoque du Groenland de l'Atlantique Nord-Ouest (Pagophilus groenlandicus) en 2022 / |cP.J. Goulet, S.L.C. Lang, G.B. Stenson, C.D. Hamilton, M.O. Hammill, J.W. Lawson, C.C. Sauvé et A. Mosnier.
264 1|aOttawa : |bSecrétariat canadien de consultation scientifique (SCCS), |cnovembre 2025
264 4|c©2025
300 |a1 ressource en ligne (iv, 47 pages) : |bcartes, graphiques.
336 |atexte|btxt|2rdacontent/fre
337 |ainformatique|bc|2rdamedia/fre
338 |aressource en ligne|bcr|2rdacarrier/fre
4901 |aDocument de recherche, |x2292-4272 ; |v2025/072
500 |aPublié aussi en anglais sous le titre : Pup production of northwest Atlantic harp seals, Pagophilus groenlandicus, in 2022.
504 |aComprend des références bibliographiques (pages 17-19).
650 6|aBlanchons|zSaint-Laurent, Golfe du.
650 6|aBlanchons|zTerre-Neuve-et-Labrador.
650 6|aPhoques|xPopulations|xEstimation|zSaint-Laurent, Golfe du.
650 6|aPhoques|xPopulations|xEstimation|zTerre-Neuve-et-Labrador.
7101 |aCanada. |bMinistère des pêches et des océans. |bRégion de la capitale nationale, |eorganisme de publication.
7102 |aSecrétariat canadien de consultation scientifique, |eorganisme de publication.
77508|tPup production of northwest Atlantic harp seals, Pagophilus groenlandicus, in 2022 / |w(CaOODSP)9.956393
830#0|aDocument de recherche (Secrétariat canadien de consultation scientifique)|v2025/072.|w(CaOODSP)9.503788
85640|qPDF|s7.17 Mo|uhttps://publications.gc.ca/collections/collection_2025/mpo-dfo/fs70-5/Fs70-5-2025-072-fra.pdf